000
00234nam a2200097Ia 4500
008
220204s9999 xx 000 0 und d
082
_a
631.8:31
_b
FER
245
0
_a
Fertiliser statistics 1959.
260
_a
Delhi
_b
FAI
_c
1960
942
_c
BK
999
_c
19612
_d
19612